<?xml version="1.0" encoding="UTF-8"?>
<record
    xmlns:xsi="http://www.w3.org/2001/XMLSchema-instance"
    xsi:schemaLocation="http://www.loc.gov/MARC21/slim http://www.loc.gov/standards/marcxml/schema/MARC21slim.xsd"
    xmlns="http://www.loc.gov/MARC21/slim">

  <leader>00780cam a22002533a 4500</leader>
  <controlfield tag="001">3198</controlfield>
  <controlfield tag="003">PGUSA</controlfield>
  <controlfield tag="005">20140828083027.0</controlfield>
  <controlfield tag="008">040919s2004||||xxu|||||s|||||000 | eng d</controlfield>
  <datafield tag="040" ind1=" " ind2=" ">
    <subfield code="a">PGUSA</subfield>
    <subfield code="b">eng</subfield>
  </datafield>
  <datafield tag="042" ind1=" " ind2=" ">
    <subfield code="a">dc</subfield>
  </datafield>
  <datafield tag="050" ind1=" " ind2="4">
    <subfield code="a">PS</subfield>
  </datafield>
  <datafield tag="100" ind1="1" ind2=" ">
    <subfield code="a">Twain, Mark,</subfield>
    <subfield code="d">1835-1910</subfield>
  </datafield>
  <datafield tag="245" ind1="1" ind2="0">
    <subfield code="a">Mark Twain's Letters &#x2014; Volume 6 (1907-1910)</subfield>
    <subfield code="h">[electronic resource] /</subfield>
    <subfield code="c">Mark Twain</subfield>
  </datafield>
  <datafield tag="260" ind1=" " ind2=" ">
    <subfield code="b">Project Gutenberg,</subfield>
    <subfield code="c">2004</subfield>
  </datafield>
  <datafield tag="506" ind1=" " ind2=" ">
    <subfield code="a">Public domain in the USA.</subfield>
  </datafield>
  <datafield tag="516" ind1=" " ind2=" ">
    <subfield code="a">Electronic text</subfield>
  </datafield>
  <datafield tag="653" ind1=" " ind2=" ">
    <subfield code="a">Authors, American -- 19th century -- Correspondence</subfield>
  </datafield>
  <datafield tag="653" ind1=" " ind2=" ">
    <subfield code="a">Twain, Mark, 1835-1910 -- Correspondence</subfield>
  </datafield>
  <datafield tag="700" ind1="1" ind2=" ">
    <subfield code="a">Paine, Albert Bigelow,</subfield>
    <subfield code="d">1861-1937</subfield>
  </datafield>
  <datafield tag="830" ind1=" " ind2="0">
    <subfield code="a">Project Gutenberg</subfield>
    <subfield code="v">3198</subfield>
  </datafield>
  <datafield tag="856" ind1="4" ind2="0">
    <subfield code="u">http://www.gutenberg.org/ebooks/3198</subfield>
  </datafield>
  <datafield tag="942" ind1=" " ind2=" ">
    <subfield code="c">EB</subfield>
  </datafield>
  <datafield tag="999" ind1=" " ind2=" ">
    <subfield code="c">232527</subfield>
    <subfield code="d">232527</subfield>
  </datafield>
  <datafield tag="952" ind1=" " ind2=" ">
    <subfield code="0">0</subfield>
    <subfield code="1">0</subfield>
    <subfield code="4">0</subfield>
    <subfield code="a">GTB</subfield>
    <subfield code="b">GTB</subfield>
    <subfield code="d">2014-08-28</subfield>
    <subfield code="l">0</subfield>
    <subfield code="r">2014-08-28 00:00:00</subfield>
    <subfield code="w">2014-08-28</subfield>
    <subfield code="y">EB</subfield>
  </datafield>
</record>
